Vplyv výrobkov na trvalo udržateľný rozvoj

Koncepcia trvalo udržateľného rozvoja. Stratégia EÚ pre trvalo udržateľný rozvoj. Vplyv priemyselného rozvoja na životné prostredie. Koncepcia smerovania k nulovému odpadu. Enviromentálne orientované stratégie. Enviromentálne vhodný výrobok. Nový pohľad na životný cyklus výrobkov. Štádium regeneráci...

Ausführliche Beschreibung

Gespeichert in:
Bibliographische Detailangaben
1. Verfasser: Čimo, Jozef
Format: Buchkapitel
Sprache:Slowakisch
Schlagworte:
Tags: Tag hinzufügen
Keine Tags, Fügen Sie das erste Tag hinzu!

MARC

LEADER 00000nla a2200000 4500
001 0195851
005 20240502073308.4
041 0 |a slo 
044 |a SK 
245 1 0 |a Vplyv výrobkov na trvalo udržateľný rozvoj  |c Jozef Čimo 
520 |a Koncepcia trvalo udržateľného rozvoja. Stratégia EÚ pre trvalo udržateľný rozvoj. Vplyv priemyselného rozvoja na životné prostredie. Koncepcia smerovania k nulovému odpadu. Enviromentálne orientované stratégie. Enviromentálne vhodný výrobok. Nový pohľad na životný cyklus výrobkov. Štádium regenerácie výrobku, štádium recyklácie výrobku. 
610 2 0 |a odpad 
610 2 0 |a hospodárstvo odpadové 
610 2 0 |a cyklus výrobku životný 
610 2 0 |a recyklácia odpadu 
610 2 0 |a rozvoj trvalo udržateľný 
100 1 |a Čimo, Jozef